| 000 | 01105nab a2200289 4500 | ||
|---|---|---|---|
| 003 | BR-BrBNA | ||
| 005 | 20240412220410.0 | ||
| 008 | 240412b bl.||||| |||| 00| 0 por d | ||
| 040 |
_aBR-BrBNA _bpor |
||
| 072 |
_aF50 ; N10 _b0420 |
||
| 100 | _aAlmeida, Jaime Gonçalves de | ||
| 245 |
_aCaracterização geométrica de bambus para construção e manufatura de objetos: análise comparativa da Guadua weberbaueri e do Phyllostachys bambusoides _bPesquisa |
||
| 500 | _aSummaries (eng, por); 11 ref.; 4 illus.; 9 tables | ||
| 650 | _aGUADUA WEBERBAUERI | ||
| 650 | _aPHYLLOSTACHYS BAMBUSOIDES | ||
| 650 | _aBAMBU | ||
| 650 | _aGRAMÍNEA | ||
| 650 | _aMATÉRIA PRIMA VEGETAL | ||
| 650 | _aANÁLISE COMPARATIVA | ||
| 650 | _aMORFOLOGIA VEGETAL | ||
| 650 | _aCOLMO | ||
| 650 | _aMATERIAL DE CONSTRUÇÃO | ||
| 650 | _aARTESANATO | ||
| 773 | 0 |
_01357 _925377 _dBrasília-DF Instituto Brasileiro de Desenvolvimento Florestal 1970 _o2023-435947 _tBrasil Florestal (Brazil) _x0045-270X _gv. 23(80) p. 51-65; (Aug 2024) _wBR2024000557 |
|
| 942 | _cAnalítica | ||
| 999 |
_c299169 _d299169 |
||